000 00755nam a2200253 a 4500
008
020 _a019855527X (pbk.)
049 _aMAIN
090 0 1 _aQD502
_bPIL
100 1 _aPilling, Michael J.
245 1 0 _aReaction kinetics /
_cMichael J. Pilling and Paul W. Seakins.
260 _aOxford :
_bOxford University Press,
_c1995.
300 _axiii, 305 p. :
_bill. ;
_c24 cm.
440 0 _aOxford science publications.
504 _aIncludes bibliographical references.
500 _aIncludes index.
650 0 _aChemical kinetics.
700 1 _aSeakins, Paul W.
907 _a.b10113630
_b13-09-12
_c04-03-04
003
005 20230123133638.0
040 _cNUST
942 _cBOOKS
_kQD502
_mPIL
999 _c152173
_d152173